Valoración de la biodiversidad en la Ecorregión del Eje Cafetero (Registro nro. 7688)
[ vista simple ]
| 000 -CABECERA | |
|---|---|
| Campo de control | 01603nam a22002537a 4500 |
| 005 - FECHA Y HORA DE LA ULTIMA TRANSACCION | |
| Campo de control | 20131028164530.0 |
| 008 - ELEMENTOS DE LONGITUD FIJA—INFORMACION GENERAL | |
| Campo de control | 090722t 2009ck abdo 0 spa d |
| 020 ## - ISBN | |
| ISBN | 9789584445131 |
| 041 0# - IDIOMA | |
| Código de idioma para texto/pista de sonido o título separado | Español |
| 044 ## - PAÍS DE PUBLICACIÓN | |
| País de publicación | Colombia |
| 082 04 - NUMERO DE CLASIFICACION DECIMAL DEWEY | |
| Número de clasificación | 333.95 |
| Número del ítem | R69v |
| 245 00 - MENCION DE TITULO | |
| Título | Valoración de la biodiversidad en la Ecorregión del Eje Cafetero |
| Mención de responsabilidad | John Mario Rodríguez Pineda ; prólogo Jorge Enrique Orejuela Gartner ; coordinación editorial John Mario Rodríguez Pineda...[et al.] |
| 260 ## - PUBLICACION, DISTRIBUCION, ETC. (PIE DE IMPRENTA) | |
| Lugar de publicación, distribución, etc. | Pereira |
| Nombre del editor, distribuidor, etc. | Centro de Investigaciones y Estudios en Biodiversidad y Recursos Gen�eticos |
| Fecha de publicación, distribución, etc. | c2009. |
| 300 ## - DESCRIPCION FISICA | |
| Extensión | 237 p. |
| Otros detalles físicos | ilustraciones, cuadros, gráficas y mapas |
| Dimensiones | 23 cm. |
| 504 ## - NOTA DE BIBLIOGRAFIA, ETC. | |
| Nota de bibliografía | Incluye referencias bibliográficas. |
| 505 2# - NOTA DE CONTENIDO | |
| Miscellaneous information | La |
| Title | ecorregión del Eje Cafetero y un desarrollo sustentado en bienes y servicios ambientales |
| Statement of responsibility | John Mario Rodríguez Pineda. -- |
| Miscellaneous information | La |
| Title | dimensión ambiental en la construcción de la ecorregión Eje Cafetero |
| Statement of responsibility | Francisco Uribe Gómez. -- |
| Title | Fisiología de semillas de Maclura tinctoria |
| Statement of responsibility | L, K. E Jiménez, T.W. Escobar y S.C. Ramírez. -- |
| Title | Fisiología de semillas y propagación sexual de Magnolia Hernandezii |
| Statement of responsibility | L. J. Peña y S. C. Ramírez y T. W. Escobar. |
| 546 ## - NOTA DE IDIOMA | |
| Nota de idioma | Mayoritariamente en español y resúmenes de cada capitulo en inglés. |
| 650 14 - ASIENTO SECUNDARIO DE MATERIA - TERMINO TEMATICO | |
| Término temático o nombre geográfico como elemento de entrada | Diversidad biológica |
| Subdivisión geográfica | Zona Cafetera (Colombia) |
| 650 24 - ASIENTO SECUNDARIO DE MATERIA - TERMINO TEMATICO | |
| Término temático o nombre geográfico como elemento de entrada | Desarrollo sostenible |
| Subdivisión geográfica | Zona Cafetera (Colombia) |
| 650 24 - ASIENTO SECUNDARIO DE MATERIA - TERMINO TEMATICO | |
| Término temático o nombre geográfico como elemento de entrada | Ecosistemas |
| Subdivisión geográfica | Colombia |
| -- | Zona Cafetera (Colombia) |
| 700 1# - ASIENTO SECUNDARIO - NOMBRE PERSONAL | |
| Nombre personal | Orejuela Gartner, Jorge Enrique |
| Término de relación | Pról. |
| 700 1# - ASIENTO SECUNDARIO - NOMBRE PERSONAL | |
| Nombre personal | Rodríguez Pineda, John Mario |
| Término de relación | Ed. |
| 942 ## - ELEMENTOS ADICIONALES (KOHA) | |
| Sistema de clasificación | Dewey Decimal Classification |
| Tipo de ítem | Impreso |
| Withdrawn status | Lost status | Sistema de Clasificación | Damaged status | No para préstamo | Colección | Inventariado | Ubicación Permanente | Ubicación actual | Fecha de adquisición | Fuente de Valor | Valor | Total Checkouts | Número topográfico | Inventario / Código de Barras | Date last seen | Ejemplar | Price effective from | Forma de adquisición | Tipo de material |
|---|---|---|---|---|---|---|---|---|---|---|---|---|---|---|---|---|---|---|---|
| Dewey Decimal Classification | General | Inventariado 2017 | Bogotá | Bogotá | 28/10/2013 | Instituto | 39000.00 | LB-333.95 R69v | 059166 | 28/10/2013 | Ej. 1 | 28/10/2013 | Libro | ||||||
| Dewey Decimal Classification | General | Inventariado 2017 | Sala Fabio Quevedo | Sala Fabio Quevedo | 28/10/2013 | Instituto | 39000.00 | LB-333.95 R69v | 059167 | 28/10/2013 | Ej. 2 | 28/10/2013 | Libro |